| Tag |
First Indicator |
Second Indicator |
Subfields |
| LEADER |
00000cam a22000004a 4500 |
| 001 |
in00003400421 |
| 006 |
m d |
| 007 |
cr |||||||nn|n |
| 008 |
110801s2012 pau o d eng d |
| 005 |
20260608205433.0 |
| 010 |
|
|
|z 2011032476
|
| 020 |
|
|
|a 9780812206241
|
| 020 |
|
|
|z 9780812243871 (hardcover : alk. paper)
|
| 035 |
|
|
|a (MdBmJHUP)muse9780812206241
|
| 040 |
|
|
|a MdBmJHUP
|c MdBmJHUP
|d UtOrBLW
|
| 043 |
|
|
|a n-us---
|a n-us-ca
|
| 050 |
0 |
0 |
|a JS451.C25
|b B34 2012
|
| 082 |
0 |
0 |
|a 320.51/309794
|2 23
|
| 100 |
1 |
|
|a Bell, Jonathan,
|d 1976-
|
| 245 |
1 |
0 |
|a California crucible :
|b the forging of modern American liberalism /
|c Jonathan Bell.
|
| 264 |
|
1 |
|a Philadelphia :
|b University of Pennsylvania Press,
|c [2012]
|
| 264 |
|
4 |
|c ©2012
|
| 300 |
|
|
|a 1 online resource (352 pages)
|
| 336 |
|
|
|a text
|b txt
|2 rdacontent
|
| 337 |
|
|
|a computer
|b c
|2 rdamedia
|
| 338 |
|
|
|a online resource
|b cr
|2 rdacarrier
|
| 490 |
1 |
|
|a Politics and culture in modern America
|
| 504 |
|
|
|a Includes bibliographical references and index.
|
| 588 |
|
|
|a Description based on print version record.
|
| 500 |
|
|
|a Electronic resource.
|
| 650 |
|
0 |
|a Liberalism
|z United States
|x History
|y 20th century.
|
| 650 |
|
0 |
|a Liberalism
|z California
|x History
|y 20th century.
|
| 651 |
|
0 |
|a California
|x Politics and government
|y 20th century.
|
| 655 |
|
7 |
|a Electronic books.
|2 local
|
| 830 |
|
0 |
|a Politics and culture in modern America.
|
| 856 |
4 |
0 |
|u http://proxy.library.tamu.edu/login?url=https://muse.jhu.edu/books/9780812206241/
|z Connect to the full text of this electronic book
|t 0
|
| 999 |
|
|
|a MARS
|
| 999 |
f |
f |
|s 036e88d8-ea3a-3984-94cc-3e9af028d623
|i 74a27d80-923d-3a16-ab8e-3d8a4fd75393
|t 0
|
| 952 |
f |
f |
|a Texas A&M University
|b College Station
|c Electronic Resources
|s www_evans
|d Available Online
|t 0
|e JS451.C25 B34 2012
|h Library of Congress classification
|
| 998 |
f |
f |
|a JS451.C25 B34 2012
|t 0
|l Available Online
|